000 00563nam a22001817a 4500
003 NUST
020 _qHardcover.
038 _aMr. Zahoor
082 _a629.892
100 _aYousuf, Saad Bin
_917435
245 _aAttire Classification and Detection /
_c Saad Bin Yousuf
260 _aIslamabad :
_bSMME - NUST,
_c2018.
300 _aix, 41 p. : ill. ;
_c30cm.
650 _aRobotics and intelligent Machines - MS Thesis
_917436
700 _aDr Hasan Sajid
_917340
856 _uhttp://10.250.8.41:8080/xmlui/handle/123456789/9754
942 _2ddc
_cTHE
999 _c526432
_d526432